| 000 | 00796cab a2200229 4500 | ||
|---|---|---|---|
| 001 | ABS56655 | ||
| 008 | 090401t1997 xxu||||| |||| 00| 0 eng d | ||
| 035 | _a(Sirsi) u77373 | ||
| 041 | _aeng | ||
| 100 | _aKeane, J. | ||
| 245 | _aMediation, can you afford to ignore it? | ||
| 260 | _c1997 | ||
| 350 | _a0 | ||
| 490 |
_aConstruction Manager _v3(2) March 1997, 11(1) |
||
| 520 | _aLooks at mediation as an alternative form of dispute resolution to arbitration, examining the three stages in referring a dispute to mediation. | ||
| 650 | _aALTERNATIVE DISPUTE RESOLUTION | ||
| 650 | _aCONSTRUCTION DISPUTES | ||
| 650 | _aMEDIATION | ||
| 690 | _aMANAGEMENT-DISPUTE AVOIDANCE, MANAGEMENT AND RESOLUTION-DISPUTE MANAGEMENT AND RESOLUTION-ARBITRATION | ||
| 942 | _n0 | ||
| 948 | _c25/03/1997 | ||
| 999 |
_c48646 _d48646 |
||